000
00320nam a2200121 a 4500
005
20140513081057.0
008
071001s19uu xx 00 eng d
050
_a
Map
_b
POL 2007
245
_a
Philippine Map.
260
_a
Philippines :
_b
United Tourist promotions,
_c
2007.
650
_a
Map
_x
Philippines
999
_c
116578
_d
116578